MARC보기
LDR00000cam k2200205 c 4500
001000000111901
00520190201143659
007ta
008040702s2003 ulk 001 kor
020 ▼a 8976265009 ▼g 94810
040 ▼a 247024 ▼d 248032 ▼c 248032
0491 ▼l GM00015889 ▼l GM00016052 ▼c 2
056 ▼a 811.909 ▼2 4
082 ▼a 895.715 ▼2 21
090 ▼a 811.909 ▼b 이75ㅎ
1001 ▼a 이종묵
24510 ▼a 한국 한시의 전통과 문예미 / ▼d 이종묵 저.
260 ▼a 서울 : ▼b 태학사, ▼c 2003.
300 ▼a 556p ; ▼c 24cm.
44000 ▼a 태학총서 ; ▼v 7
504 ▼a 색인수록
653 ▼a 한국 ▼a 한시 ▼a 전통 ▼a 문예미 ▼a 문예 ▼a 한국한시
9500 ▼b ₩22000
990 ▼b 관리자3